000
00421nam a2200145Ia 4500
008
100204s9999 xx 000 0 und d
082
_b
25326
100
_a
दवणे प्रविण
245
_a
सावर रे
260
_b
"नवचैतन्य प्रकाशन, मुंबई"
_c
2002
300
_a
135
630
_a
सावर रे
730
_a
सावर रे
942
_c
BOOK
999
_c
470506
_d
470503